[Event "Dutch Open 2012"]
[Site "Dieren NED"]
[Date "2012.07.25"]
[Round "2.17"]
[White "Vereggen, Lars"]
[Black "Go, Benjamin"]
[Result "1/2-1/2"]
[WhiteElo "2051"]
[BlackElo "2164"]
[WhiteFideId "1029258"]
[BlackFideId "1014560"]
[EventDate "2012.07.24"]
[EventType "swiss"]

1. e4 Nf6 2. e5 Nd5 3. d4 d6 4. Nf3 Nc6 5. c4 Nb6 6. e6 fxe6 7. Nc3 g6 8. Be3
Bg7 9. h4 O-O 10. h5 e5 11. d5 Nd4 12. Nxd4 exd4 13. Bxd4 Bxd4 14. Qxd4 e5 15.
dxe6 Qf6 16. Qxf6 Rxf6 17. e7 Re6+ 18. Kd2 Rxe7 19. hxg6 hxg6 20. Bd3 Be6 21. b3
d5 22. cxd5 Bxd5 23. Rh6 Bf7 24. Rah1 Kg7 25. Ne4 Rd8 26. Rh7+ Kf8 27. Rh8+ Bg8
28. Nf6 Rg7 29. Nxg8 Rxg8 30. Rxg8+ Kxg8 31. Rh6 Kf7 32. Rh7+ Kf6 33. Rxc7 Nd5
34. Rc4 g5 35. g3 Rd6 36. Kc2 Ke5 37. Re4+ Kf6 38. a3 a6 39. b4 Nc7 40. Bc4 Na8
41. Bb3 Nb6 42. Re3 Nd7 43. Rf3+ Ke5 44. Rf7 b6 45. f4+ gxf4 46. gxf4+ Ke4 47.
f5 Nf6 48. Be6 Ng4 49. Ra7 Ne3+ 50. Kb3 b5 51. Rd7 Rxd7 52. Bxd7 Nxf5 53. Bc8
Nd6 54. Bxa6 Kd5 55. Kc3 Kc6 56. Kd4 Kb6 57. Kd5 Nc4 58. a4 Kxa6 59. axb5+ 1/2-1/2

[Event "Dutch Open 2012"]
[Site "Dieren NED"]
[Date "2012.07.26"]
[Round "3.1"]
[White "Greenfeld, Alon"]
[Black "Raznikov, Danny"]
[Result "1/2-1/2"]
[WhiteTitle "GM"]
[BlackTitle "IM"]
[WhiteElo "2556"]
[BlackElo "2462"]
[WhiteFideId "2800039"]
[BlackFideId "2811154"]
[EventDate "2012.07.24"]
[EventType "swiss"]

1. d4 Nf6 2. c4 e6 3. Nc3 Bb4 4. e3 O-O 5. Ne2 d5 6. a3 Bd6 7. c5 Be7 8. b4 c6
9. Nf4 b6 10. Bd2 Nbd7 11. Nd3 a5 12. Be2 Ba6 13. O-O Qc7 14. f3 Qb7 15. Be1
axb4 16. axb4 Bc4 17. Rb1 Ra3 18. Qc2 Rfa8 19. Bg3 Ne8 20. Nc1 Bxe2 21. N1xe2
bxc5 22. bxc5 Qa6 23. Rb3 Bg5 24. Kf2 Rxb3 25. Qxb3 Ra7 26. Rb1 h5 27. Rb2 Qd3
28. Bf4 Bh4+ 29. g3 Bd8 30. h4 Nef6 31. Nxd5 Qxb3 32. Nxf6+ gxf6 33. Rxb3 e5 34.
Rd3 exf4 35. Nxf4 Ra2+ 36. Kf1 Bc7 37. Nxh5 f5 38. Rb3 Ra7 39. Kf2 Kh7 40. Rb2
Kg6 41. g4 fxg4 42. fxg4 f5 43. Kf3 fxg4+ 44. Kxg4 Nf6+ 45. Nxf6 Kxf6 46. Rf2+
Ke6 47. Rf8 Ra1 48. Re8+ Kd5 49. h5 Rh1 50. Kg5 Bg3 51. h6 Bf2 52. Kg6 Rg1+ 53.
Kf5 Rh1 54. Re5+ Kc4 55. Kg6 Rg1+ 56. Kf5 Rh1 57. Re6 Bxe3 58. Rxe3 Rxh6 59. Re6 1/2-1/2

[Event "Dutch Open 2012"]
[Site "Dieren NED"]
[Date "2012.07.26"]
[Round "3.2"]
[White "Popilski, Gil"]
[Black "Ikonnikov, Vyacheslav"]
[Result "0-1"]
[WhiteTitle "IM"]
[BlackTitle "GM"]
[WhiteElo "2450"]
[BlackElo "2537"]
[WhiteFideId "2809060"]
[BlackFideId "4100972"]
[EventDate "2012.07.24"]
[EventType "swiss"]

1. e4 e6 2. d4 d5 3. Nc3 Nf6 4. e5 Nfd7 5. f4 c5 6. Nf3 Nc6 7. Be3 cxd4 8. Nxd4
Qb6 9. Qd2 Qxb2 10. Rb1 Qa3 11. Bb5 Nxd4 12. Bxd4 a6 13. Rb3 Qe7 14. Ba4 Qd8 15.
Bb6 Qh4+ 16. Kd1 Be7 17. h3 Bd8 18. Bxd7+ Bxd7 19. Bf2 Qh5+ 20. g4 Qg6 21. Bc5
Bc6 22. Rg1 Ba5 23. Qd4 h5 24. Kc1 O-O-O 25. Bb6 Bxb6 26. Rxb6 Rd7 27. Rxc6+
bxc6 28. Na4 Qe4 29. Nb6+ Kc7 30. Qxe4 dxe4 31. Nxd7 Kxd7 32. g5 Rd8 33. Re1 c5
34. Rxe4 Kc6 35. h4 Rd4 36. Rxd4 cxd4 37. Kd2 Kd5 38. Kd3 a5 39. a3 a4 40. c3
dxc3 41. Kxc3 Ke4 42. Kb4 Kxf4 43. Kxa4 Kxe5 44. Kb5 Kd6 45. a4 Kc7 46. Kc5 f5 0-1

[Event "Dutch Open 2012"]
[Site "Dieren NED"]
[Date "2012.07.26"]
[Round "3.3"]
[White "Bakre, Tejas"]
[Black "Hendriks, Willy"]
[Result "1/2-1/2"]
[WhiteTitle "GM"]
[BlackTitle "IM"]
[WhiteElo "2482"]
[BlackElo "2422"]
[WhiteFideId "5004195"]
[BlackFideId "1000713"]
[EventDate "2012.07.24"]
[EventType "swiss"]

1. c4 g6 2. g3 Bg7 3. Bg2 d6 4. Nc3 e5 5. e3 Nc6 6. Nge2 h5 7. h4 Nh6 8. d3 O-O
9. Rb1 a5 10. e4 Be6 11. Nd5 Nb4 12. a3 Nxd5 13. cxd5 Bd7 14. Bg5 f6 15. Bd2 Kh7
16. Qb3 c5 17. dxc6 bxc6 18. d4 Qb8 19. Qxb8 Rfxb8 20. dxe5 fxe5 21. O-O Be6 22.
Bc3 Bc4 23. Rfe1 d5 24. exd5 cxd5 25. Rbd1 Bb3 26. Rd3 Bc4 27. Rdd1 Bb3 28. Rd3
Bc4 1/2-1/2

[Event "Dutch Open 2012"]
[Site "Dieren NED"]
[Date "2012.07.26"]
[Round "3.5"]
[White "De Jong, Migchiel"]
[Black "Arjun, Bharat"]
[Result "1-0"]
[WhiteTitle "IM"]
[BlackTitle "CM"]
[WhiteElo "2358"]
[BlackElo "2250"]
[WhiteFideId "1002848"]
[BlackFideId "5032725"]
[EventDate "2012.07.24"]
[EventType "swiss"]

1. e4 c5 2. Nf3 d6 3. d4 cxd4 4. Nxd4 Nf6 5. Nc3 g6 6. Be3 Bg7 7. f3 O-O 8. Qd2
Nc6 9. O-O-O d5 10. Qe1 e5 11. Nxc6 bxc6 12. exd5 Nxd5 13. Bc4 Be6 14. Ne4 Qb8
15. Bc5 Rd8 16. Qa5 f5 17. Ng5 e4 18. Qxd8+ Qxd8 19. Nxe6 Bh6+ 20. Kb1 Qd7 21.
fxe4 fxe4 22. Nd4 Rd8 23. Be7 Qxe7 24. Nxc6 Qc5 25. Rxd5 Rxd5 26. Bxd5+ Kg7 27.
Bxe4 Be3 28. Rd1 h5 29. a3 g5 30. Rd5 Qc4 31. Rd7+ Kf8 32. Bd5 Qe2 33. Ka2 h4
34. Rf7+ Ke8 35. Rg7 a6 36. c4 a5 37. Re7+ Kf8 38. Rf7+ Ke8 39. Ne5 Bd4 40. Bc6+
Kd8 41. Rd7+ Ke8 42. Rxd4+ Kf8 43. Re4 Qc2 44. Bd5 Qd1 45. Nd7+ Kg7 46. Re7+ Kh6
47. Nf8 g4 48. Re6+ Kg7 49. Ng6 a4 50. Rb6 Qg1 51. Ra6 Qd1 52. Rb6 Qg1 53. Rd6
Qe3 54. c5 Qxc5 55. Nxh4 Qf2 56. Rg6+ Kh8 57. Rg8+ Kh7 58. Rxg4 Qd2 59. Be4+ Kh8
60. Ng6+ Kg7 61. Bb1 Qd1 62. h3 Kh6 63. Ka1 Qb3 64. Rh4+ Kg7 65. Rb4 Qd1 66. Nf4
Kh6 67. Nd3 1-0

[Event "Dutch Open 2012"]
[Site "Dieren NED"]
[Date "2012.07.26"]
[Round "3.6"]
[White "Pijpers, Arthur"]
[Black "Beerdsen, Thomas"]
[Result "1/2-1/2"]
[WhiteElo "2341"]
[BlackElo "2044"]
[WhiteFideId "1019554"]
[BlackFideId "1030108"]
[EventDate "2012.07.24"]
[EventType "swiss"]

1. e4 c5 2. Nf3 d6 3. d4 cxd4 4. Nxd4 Nf6 5. Nc3 a6 6. Bg5 e6 7. f4 h6 8. Bh4
Qb6 9. Qd2 Qxb2 10. Rb1 Qa3 11. e5 dxe5 12. fxe5 g5 13. exf6 gxh4 14. Be2 Nd7
15. O-O Qa5 16. Kh1 Qg5 17. Rf4 e5 18. Nd5 exd4 19. Qxd4 Bc5 20. Qd2 Bd6 21.
Re4+ Kf8 22. Qd4 Nc5 23. Nc3 Nxe4 24. Nxe4 Qe5 25. Qxd6+ Qxd6 26. Nxd6 h5 27.
Bf3 Rh6 28. Re1 Be6 29. c4 Rxf6 30. c5 Rxf3 31. gxf3 Bxa2 32. Re5 Be6 33. f4 Bg4
34. Re3 h3 35. Kg1 a5 36. Nxb7 a4 37. Ra3 Ke7 38. c6 Be6 39. Nc5 Kd6 40. Nxa4
Kxc6 41. Kf2 Rd8 42. Ke3 Rg8 43. Rd3 Rg1 44. Rd2 Bd5 45. Nc3 Bg2 46. Rd1 Rxd1 1/2-1/2

[Event "Dutch Open 2012"]
[Site "Dieren NED"]
[Date "2012.07.26"]
[Round "3.7"]
[White "Maris, Ivo"]
[Black "Houben, Jaap"]
[Result "1-0"]
[WhiteElo "2044"]
[BlackElo "2269"]
[WhiteFideId "1028146"]
[BlackFideId "1028103"]
[EventDate "2012.07.24"]
[EventType "swiss"]

1. e4 d6 2. d4 Nf6 3. Nc3 g6 4. f4 Bg7 5. Nf3 O-O 6. e5 dxe5 7. dxe5 Qxd1+ 8.
Kxd1 Nh5 9. Bd3 Bg4 10. Ke2 Nc6 11. Be3 g5 12. g3 Kh8 13. Rag1 Rad8 14. h3 Bxf3+
15. Kxf3 gxf4 16. gxf4 f6 17. Kg4 fxe5 18. fxe5 Nxe5+ 19. Kxh5 Nxd3 20. cxd3
Rxd3 21. Rxg7 Rxe3 22. Rg5 Re6 23. Rhg1 c6 24. R1g4 b6 25. Ne4 a5 26. Ng3 Re3
27. h4 Ref3 28. Rg7 R3f7 29. R7g5 Rf2 30. Ne4 Rxb2 31. Kh6 1-0

[Event "Dutch Open 2012"]
[Site "Dieren NED"]
[Date "2012.07.26"]
[Round "3.8"]
[White "Vos, Tjark"]
[Black "Colijn, Stefan"]
[Result "0-1"]
[WhiteElo "1958"]
[BlackElo "2220"]
[WhiteFideId "1020870"]
[BlackFideId "1016199"]
[EventDate "2012.07.24"]
[EventType "swiss"]

1. e4 e6 2. d4 d5 3. Nc3 Nf6 4. Bg5 Bb4 5. e5 h6 6. Bd2 Bxc3 7. bxc3 Ne4 8. Qg4
Kf8 9. Bd3 Nxd2 10. Kxd2 Qg5+ 11. Qxg5 hxg5 12. c4 dxc4 13. Bxc4 b6 14. Be2 Bb7
15. Bf3 Bxf3 16. Nxf3 Nc6 17. h3 Rd8 18. Kc3 f6 19. Rhe1 Kf7 20. exf6 gxf6 21.
Re4 Rd6 22. Rae1 Ne7 23. h4 Nd5+ 24. Kb3 gxh4 25. Rxh4 Rxh4 26. Nxh4 b5 27. Nf3
a5 28. Rh1 Rc6 29. Rh8 a4+ 30. Kb2 a3+ 31. Kb1 Nc3+ 32. Ka1 Rc4 33. Rh3 Na4 34.
Kb1 Rb4+ 35. Ka1 Ke7 36. Ne1 Rxd4 37. Rd3 Re4 38. Re3 Rxe3 39. fxe3 Nc3 0-1

[Event "Dutch Open 2012"]
[Site "Dieren NED"]
[Date "2012.07.26"]
[Round "3.10"]
[White "Zwirs, Nico"]
[Black "Van Mierlo, Guido"]
[Result "1/2-1/2"]
[WhiteElo "2173"]
[BlackElo "2089"]
[WhiteFideId "1036432"]
[BlackFideId "1032453"]
[EventDate "2012.07.24"]
[EventType "swiss"]

1. d4 Nf6 2. c4 g6 3. Nc3 Bg7 4. e4 d6 5. Nf3 O-O 6. Be2 c6 7. O-O Bg4 8. Be3
Nbd7 9. h3 Bxf3 10. Bxf3 e5 11. d5 c5 12. g3 Ne8 13. Bg2 f5 14. exf5 gxf5 15. f4
exf4 16. gxf4 Ndf6 17. Qd3 Qd7 18. Bf3 Nc7 19. Bf2 Rab8 20. Rae1 Rbe8 21. Kh2
Rxe1 22. Rxe1 Re8 23. Rg1 Rf8 24. Rg5 Nfe8 25. b3 Kh8 26. Ne2 b5 27. Be1 b4 28.
Bd2 Bh6 29. Rh5 Rf6 30. Bc1 Ng7 31. Rh4 Nce8 32. Bb2 Qe7 33. Ng3 Kg8 34. Qe2 Qd8
35. Bh5 Nxh5 36. Rxh5 Ng7 37. Bxf6 Qxf6 38. Rxh6 Qxh6 39. Qe3 Qf6 40. Kg2 Kf7
41. Kf3 Qh4 42. Kg2 1/2-1/2

[Event "Dutch Open 2012"]
[Site "Dieren NED"]
[Date "2012.07.26"]
[Round "3.11"]
[White "Van Liempt, Michael"]
[Black "Hoogland, Dirk"]
[Result "1/2-1/2"]
[BlackTitle "CM"]
[WhiteElo "1954"]
[BlackElo "2169"]
[WhiteFideId "1012665"]
[BlackFideId "1012533"]
[EventDate "2012.07.24"]
[EventType "swiss"]

1. e4 c5 2. Nc3 g6 3. f4 Nc6 4. Nf3 Bg7 5. Bb5 e6 6. Bxc6 bxc6 7. e5 d5 8. b3
Ne7 9. d3 O-O 10. O-O Nf5 11. Qe2 Qa5 12. Na4 Rd8 13. Bd2 Qb5 14. c4 Qb8 15. Ba5
Re8 16. Nxc5 Bf8 17. Na4 d4 18. Bd2 c5 19. Ng5 Bb7 20. Ne4 Bxe4 21. Qxe4 Qc7 22.
Rae1 Ne7 23. Re2 Qc6 24. Bc1 Rec8 25. Ba3 Nf5 26. Qxc6 Rxc6 27. Rfe1 h5 28. Rb1
a5 29. Bc1 Be7 30. Bd2 Ng7 31. Be1 Nf5 32. g3 Bd8 33. h3 g5 34. fxg5 Bxg5 35. g4
hxg4 36. hxg4 Ne3 37. Bd2 Bf4 38. Bxe3 dxe3 39. Kg2 Rd8 40. Rd1 Rd4 41. Kh3 Kg7
42. Nc3 Rc8 43. Ne4 Rh8+ 44. Kg2 Bxe5 45. Rxe3 Rh2+ 46. Kf3 Bc7 47. Re2 Rh3+ 48.
Kg2 Rhxd3 49. Rxd3 Rxd3 50. Nxc5 Rg3+ 51. Kh1 Rxg4 52. Rg2 Rg6 53. Rxg6+ Kxg6
54. Kg2 Kf5 1/2-1/2

[Event "Dutch Open 2012"]
[Site "Dieren NED"]
[Date "2012.07.26"]
[Round "3.12"]
[White "Sowray, Peter J"]
[Black "De Bruijne, Arian"]
[Result "1-0"]
[WhiteTitle "FM"]
[WhiteElo "2375"]
[BlackElo "1934"]
[WhiteFideId "400971"]
[BlackFideId "1039946"]
[EventDate "2012.07.24"]
[EventType "swiss"]

1. c4 Nf6 2. Nc3 g6 3. g3 Bg7 4. Bg2 O-O 5. e4 d6 6. Nge2 c5 7. O-O Nc6 8. d3
Ne8 9. Be3 Nc7 10. Qd2 Ne6 11. f4 Ned4 12. f5 gxf5 13. Nf4 Bh6 14. Nh5 Bxe3+ 15.
Qxe3 Kh8 16. exf5 Nxf5 17. Qd2 Ng7 18. Nxg7 Kxg7 19. Rf4 h6 20. Raf1 Ne5 21. Nd5
Ng6 22. R4f2 f5 23. g4 fxg4 24. Rxf8 Nxf8 25. Be4 Ne6 26. h4 Bd7 27. Qf2 Qe8 28.
Kh2 Rc8 29. b4 Nd4 30. bxc5 dxc5 31. Qg3 Qh5 32. Nf4 Qe5 33. Bd5 Kh7 34. Re1 Qf6
35. Nh5 Nf3+ 36. Bxf3 Qxf3 37. Rxe7+ Kg6 38. Nf4+ Kf5 39. Rxd7 Qxg3+ 40. Kxg3
Re8 41. Rf7+ Ke5 42. Rxb7 Kd4 43. Rxa7 h5 44. Rd7+ 1-0

[Event "Dutch Open 2012"]
[Site "Dieren NED"]
[Date "2012.07.26"]
[Round "3.14"]
[White "Go, Benjamin"]
[Black "Vogel, Jaap"]
[Result "1/2-1/2"]
[BlackTitle "FM"]
[WhiteElo "2164"]
[BlackElo "2179"]
[WhiteFideId "1014560"]
[BlackFideId "1000764"]
[EventDate "2012.07.24"]
[EventType "swiss"]

1. e4 e6 2. Nf3 d5 3. Nc3 Nf6 4. e5 Nfd7 5. d4 c5 6. dxc5 Nc6 7. Bf4 a6 8. Qd2
Nxc5 9. O-O-O Be7 10. Qe3 b5 11. h4 Bb7 12. Nd4 Nxd4 13. Rxd4 Qb6 14. Rd1 h6 15.
Rh3 O-O-O 16. Kb1 b4 17. Ne2 Kb8 18. Nc1 Qc7 19. Qd4 Nd7 20. Nb3 Rc8 21. c3 Qb6
22. cxb4 Bxb4 23. Be3 Qxd4 24. Bxd4 f6 25. f4 fxe5 26. fxe5 Rhf8 27. Rg3 Rf7 28.
Be2 Ka8 29. Bh5 Rf4 30. Rxg7 Rxh4 31. g4 Nc5 32. Bxc5 Bxc5 33. Na5 Bc6 34. Nxc6
Rxc6 35. Rc1 a5 36. Be8 Rc8 37. Bd7 Rc7 38. Rg8+ Ka7 39. Bxe6 d4 40. Bf5 Rh2 41.
e6 Re2 42. Rd8 Re5 43. Rxd4 h5 44. Rdc4 Kb6 45. Rh1 hxg4 46. Bxg4 Rg7 47. Rh6
Be7 48. Rh8 Rc5 49. Rxc5 Kxc5 50. Bf3 Rg3 51. Bb7 Re3 52. Rh5+ Kc4 53. Ba6+ Kd4
54. Rxa5 Rxe6 55. a3 Rb6 56. Ra4+ Ke3 57. Bc4 Bf6 58. b4 Kd2 59. Ra6 Rxa6 60.
Bxa6 Kc3 61. Ka2 Be7 62. Bc8 Bxb4 63. axb4 Kxb4 1/2-1/2

[Event "Dutch Open 2012"]
[Site "Dieren NED"]
[Date "2012.07.26"]
[Round "3.16"]
[White "Von Meijenfeldt, Bart"]
[Black "Maatman, Nick"]
[Result "0-1"]
[WhiteElo "2123"]
[BlackElo "2123"]
[WhiteFideId "1032259"]
[BlackFideId "1040391"]
[EventDate "2012.07.24"]
[EventType "swiss"]

1. e4 e6 2. d4 d5 3. Nd2 Nf6 4. e5 Nfd7 5. f4 c5 6. Ne2 Nc6 7. Nf3 Qb6 8. c3 f6
9. g3 Be7 10. Bh3 cxd4 11. Nexd4 Nc5 12. Qe2 fxe5 13. fxe5 Nxd4 14. Nxd4 O-O 15.
Bf4 Bd7 16. O-O Ne4 17. Be3 Bc5 18. Bg2 Bb5 19. Rxf8+ Rxf8 20. Qg4 Bxd4 21. Bxd4
Qa6 22. Bxe4 dxe4 23. Bc5 Rc8 24. Bd6 Qb6+ 25. Kg2 Re8 26. b3 Bd3 27. Re1 Qa5
28. Rxe4 Bxe4+ 29. Qxe4 Qxa2+ 30. Kh3 Qxb3 31. Qd4 a5 32. Qc5 Qd5 33. Qc7 a4 0-1

[Event "Dutch Open 2012"]
[Site "Dieren NED"]
[Date "2012.07.26"]
[Round "3.17"]
[White "Ellenbroek, Ton"]
[Black "Markus, John Raymond"]
[Result "1-0"]
[WhiteElo "2047"]
[BlackElo "2147"]
[WhiteFideId "1002597"]
[BlackFideId "1001213"]
[EventDate "2012.07.24"]
[EventType "swiss"]

1. e4 e5 2. Nf3 Nc6 3. Bb5 a6 4. Ba4 Nf6 5. d3 d6 6. O-O Be7 7. Re1 O-O 8. c3 b5
9. Bc2 h6 10. a4 Bg4 11. h3 Bh5 12. Nbd2 b4 13. a5 Rb8 14. g4 Bg6 15. Nc4 Na7
16. d4 bxc3 17. dxe5 cxb2 18. Bxb2 dxe5 19. Nfxe5 Bc5 20. Qxd8 Rfxd8 21. Nxg6
fxg6 22. Be5 Nb5 23. Ba4 Re8 24. Rad1 Rbd8 25. Kg2 Rxd1 26. Rxd1 Nxe4 27. Rd7
Re7 28. Bxb5 axb5 29. Rxe7 Bxe7 30. a6 Bc5 31. Na5 Nd6 32. Nc6 Nc8 33. Bxc7 b4
34. Be5 b3 35. Na5 Bb6 36. Nxb3 h5 37. Bd4 hxg4 38. hxg4 Bxd4 39. Nxd4 Na7 40.
Kf3 Kf7 41. Ke4 Ke7 42. Kd5 Kd7 43. Kc5 Nc8 44. Nb5 Ke6 45. Kc6 1-0

[Event "Dutch Open 2012"]
[Site "Dieren NED"]
[Date "2012.07.27"]
[Round "4.4"]
[White "De Jong, Migchiel"]
[Black "Popilski, Gil"]
[Result "1-0"]
[WhiteTitle "IM"]
[BlackTitle "IM"]
[WhiteElo "2358"]
[BlackElo "2450"]
[WhiteFideId "1002848"]
[BlackFideId "2809060"]
[EventDate "2012.07.24"]
[EventType "swiss"]

1. d4 Nf6 2. Nf3 e6 3. c4 d5 4. g3 Bb4+ 5. Bd2 Be7 6. Bg2 O-O 7. Qc2 c6 8. O-O
b6 9. Bf4 Nbd7 10. Nbd2 Nh5 11. Be3 Bb7 12. Rfc1 Bd6 13. c5 bxc5 14. dxc5 Bc7
15. b4 e5 16. Nb3 f5 17. Bg5 Qe8 18. Bd2 Ndf6 19. b5 cxb5 20. c6 Bc8 21. Ba5 Qd8
22. Bxc7 Qxc7 23. Qc5 Rb8 24. Ng5 d4 25. Bd5+ Nxd5 26. Qxd5+ Kh8 27. Rc5 h6 28.
Nf3 Re8 29. Nxe5 Be6 30. Qf3 Nf6 31. Nxd4 Ne4 32. Ng6+ Kg8 33. Re5 Ng5 34. Qe3
Bf7 35. Ne7+ Kf8 36. Ndxf5 g6 37. Qc5 Qxe5 38. Nxg6+ 1-0

[Event "Dutch Open 2012"]
[Site "Dieren NED"]
[Date "2012.07.27"]
[Round "4.5"]
[White "Colijn, Stefan"]
[Black "Maris, Ivo"]
[Result "1/2-1/2"]
[WhiteElo "2220"]
[BlackElo "2044"]
[WhiteFideId "1016199"]
[BlackFideId "1028146"]
[EventDate "2012.07.24"]
[EventType "swiss"]

1. d4 Nf6 2. Nf3 g6 3. Bf4 Bg7 4. e3 O-O 5. Be2 d5 6. O-O c5 7. c3 Nc6 8. Nbd2
Re8 9. h3 Nd7 10. Qb3 c4 11. Qd1 e5 12. dxe5 Ndxe5 13. Nxe5 Nxe5 14. Nf3 Nxf3+
15. Bxf3 Be6 16. Qd2 Qa5 17. Rfd1 Rad8 18. g4 h6 19. Qe2 f5 20. Qf1 fxg4 21.
hxg4 Rf8 22. Qg2 d4 23. cxd4 Bxd4 24. Rxd4 Rxd4 25. Bxh6 Rxf3 26. Qxf3 Rxg4+ 27.
Kf1 Qf5 28. Qxf5 Bxf5 29. Ke2 b5 30. Bf4 Bd3+ 31. Kf3 Rh4 32. Rg1 Kf7 33. Rg5
Rh5 34. Rxh5 gxh5 35. Bc7 Kf6 36. Kf4 Bf1 37. e4 Ke6 38. Ke3 b4 39. Ba5 h4 40.
Kf3 b3 41. a3 Bh3 42. Ke3 Bf1 43. Kd4 Bd3 44. Bc7 1/2-1/2

[Event "Dutch Open 2012"]
[Site "Dieren NED"]
[Date "2012.07.27"]
[Round "4.6"]
[White "Beerdsen, Thomas"]
[Black "Evengroen, Henk-Jan"]
[Result "0-1"]
[WhiteElo "2044"]
[BlackElo "1968"]
[WhiteFideId "1030108"]
[BlackFideId "1019252"]
[EventDate "2012.07.24"]
[EventType "swiss"]

1. e4 e5 2. Nf3 Nc6 3. Bb5 a6 4. Ba4 Nf6 5. O-O Be7 6. Re1 b5 7. Bb3 O-O 8. a4
Bb7 9. d3 d6 10. c3 Na5 11. Bc2 c5 12. Nbd2 b4 13. Nf1 Rb8 14. Ne3 b3 15. Bb1
Re8 16. Nf5 Bf8 17. Bg5 h6 18. Bh4 g6 19. Ne3 Bg7 20. Nd2 Qd7 21. Qf3 Qe6 22.
Ndc4 Nxc4 23. dxc4 g5 24. Bg3 h5 25. h3 g4 26. hxg4 hxg4 27. Qf5 Bh6 28. Bh4
Bxe3 29. Rxe3 Qxf5 30. exf5 Nh5 31. Be4 f6 32. Rd1 Red8 33. Bxb7 Rxb7 34. Rxe5
fxe5 35. Bxd8 Rd7 36. Bg5 Kf7 37. f3 gxf3 38. g4 Ng3 39. Bh4 Ne4 40. Rd3 Kg8 41.
Rxf3 Nd2 42. Rf2 Nxc4 43. g5 Rh7 44. Bg3 Rh5 45. g6 Rg5 46. Kh2 Ne3 47. Bh4 Rxf5
48. Rxf5 Nxf5 49. Bf6 Ne3 50. Bg5 Nd1 51. Bc1 Nf2 0-1

[Event "Dutch Open 2012"]
[Site "Dieren NED"]
[Date "2012.07.27"]
[Round "4.7"]
[White "Hoogland, Dirk"]
[Black "Sowray, Peter J"]
[Result "1/2-1/2"]
[WhiteTitle "CM"]
[BlackTitle "FM"]
[WhiteElo "2169"]
[BlackElo "2375"]
[WhiteFideId "1012533"]
[BlackFideId "400971"]
[EventDate "2012.07.24"]
[EventType "swiss"]

1. e4 c6 2. d4 d5 3. exd5 cxd5 4. Bd3 Nc6 5. c3 Qc7 6. h3 g6 7. Ne2 Nf6 8. Bf4
Qb6 9. Qb3 Bf5 10. Qxb6 axb6 11. Bxf5 gxf5 12. Na3 e6 13. Nb5 Kd7 14. f3 h5 15.
Nc1 Ne8 16. Nd3 Nd6 17. Nxd6 Bxd6 18. Kf2 Be7 19. Rhe1 Rhg8 20. Re2 Bf6 21. Ne5+
Bxe5 22. Bxe5 b5 23. Rc2 Ra6 24. a3 Na5 25. Rg1 Raa8 26. g4 hxg4 27. fxg4 fxg4
28. Rxg4 Rxg4 29. hxg4 Nc4 30. Kf3 Nxe5+ 31. dxe5 Rh8 32. Rf2 Ke7 33. Ke2 Rh3
34. Kd2 b4 35. axb4 Rg3 36. Rh2 Rxg4 37. Rh8 Kd7 38. Rf8 Rf4 39. Kd3 Kc6 40. b3
Kb5 41. Rb8 Kc6 42. Rf8 Rf3+ 43. Kc2 Kb5 44. Rb8 b6 45. Rd8 Re3 46. Rd7 Rf3 47.
Kd2 Rf5 48. Re7 Rxe5 49. Rxf7 Rh5 50. Rf6 e5 51. Rd6 e4 52. Kd1 Rg5 53. Kd2 Rh5
54. Kd1 Rg5 1/2-1/2

[Event "Dutch Open 2012"]
[Site "Dieren NED"]
[Date "2012.07.27"]
[Round "4.8"]
[White "Vesters, Melchior"]
[Black "Pijpers, Arthur"]
[Result "0-1"]
[WhiteElo "1974"]
[BlackElo "2341"]
[WhiteFideId "1029134"]
[BlackFideId "1019554"]
[EventDate "2012.07.24"]
[EventType "swiss"]

1. d4 Nf6 2. Nc3 d5 3. Bg5 c5 4. Bxf6 gxf6 5. e4 dxe4 6. dxc5 f5 7. Qxd8+ Kxd8
8. f3 Bg7 9. O-O-O+ Bd7 10. Nge2 exf3 11. gxf3 e6 12. Bh3 Na6 13. c6 bxc6 14.
Nd4 Kc7 15. Rhe1 Nc5 16. Nb3 Bxc3 17. bxc3 Na4 18. Bxf5 exf5 19. Re7 Rad8 20.
Rd4 c5 21. Rxa4 Kd6 22. Rxd7+ Rxd7 23. Ra6+ Kd5 24. Rf6 Ke5 25. Rc6 Kf4 26. Rxc5
Kxf3 27. Rxf5+ Kg4 28. Rf6 Kg5 29. Rf3 f5 30. Nd4 Rd5 31. Rg3+ Kf6 32. Kd2 Re8
33. Rh3 Re7 34. Kd3 Ra5 35. Rf3 h5 36. c4 h4 37. c3 Kg5 38. h3 f4 39. Nc6 Rd7+
40. Ke4 Rc5 41. Nd4 Rxc4 42. Ke5 Rc5+ 43. Ke4 Re7+ 44. Kd3 Ra5 45. Nc6 Rd7+ 46.
Ke4 Rxa2 47. Nd4 Re7+ 48. Kd5 Ra6 49. c4 Re3 50. Rf1 Rxh3 51. Ne6+ Rxe6 52. Kxe6
Re3+ 53. Kd5 f3 54. c5 Kf4 55. Kd4 Re4+ 56. Kd3 Re6 57. Rc1 f2 0-1

[Event "Dutch Open 2012"]
[Site "Dieren NED"]
[Date "2012.07.27"]
[Round "4.11"]
[White "Van Mierlo, Guido"]
[Black "Schouten, Nico"]
[Result "0-1"]
[WhiteElo "2089"]
[BlackElo "2232"]
[WhiteFideId "1032453"]
[BlackFideId "1001108"]
[EventDate "2012.07.24"]
[EventType "swiss"]

1. e4 e5 2. Bc4 Nf6 3. Nf3 Nc6 4. d3 Be7 5. O-O O-O 6. Re1 d6 7. c3 a6 8. Bb3 b5
9. Nbd2 Rb8 10. Nf1 Na5 11. Bc2 c5 12. Ng3 Qc7 13. Bg5 Ne8 14. Qd2 Bxg5 15. Qxg5
f6 16. Qe3 Be6 17. Nh4 Nc6 18. f4 exf4 19. Qxf4 g5 20. Qf2 gxh4 21. Nh5 Ne5 22.
Qxh4 Ng6 23. Qg3 Ng7 24. Nxg7 Kxg7 25. h4 Kh8 26. Rac1 Ne5 27. d4 cxd4 28. cxd4
Qa7 29. Rcd1 Rbc8 30. Bb1 Rf7 31. Kh1 Rg8 32. Qc3 Ng4 33. Rf1 Qb8 34. d5 Bd7 35.
Rf4 Qe8 36. Rdf1 Qe5 37. Qxe5 dxe5 38. R4f3 Rc8 39. Bd3 Kg7 40. Ra1 h5 41. Rg3
f5 42. exf5 Bxf5 43. Be2 Rc2 44. Re1 e4 45. Ra3 Rf6 46. b4 Rd2 47. Bxg4 hxg4 0-1

[Event "Dutch Open 2012"]
[Site "Dieren NED"]
[Date "2012.07.27"]
[Round "4.12"]
[White "Houben, Jaap"]
[Black "Van Liempt, Michael"]
[Result "1-0"]
[WhiteElo "2269"]
[BlackElo "1954"]
[WhiteFideId "1028103"]
[BlackFideId "1012665"]
[EventDate "2012.07.24"]
[EventType "swiss"]

1. e4 c5 2. Nc3 g6 3. f4 Bg7 4. Nf3 Nc6 5. Bb5 Nd4 6. O-O e6 7. d3 Ne7 8. Nxd4
cxd4 9. Ne2 O-O 10. Qe1 d5 11. e5 f6 12. Nxd4 Qb6 13. Be3 a6 14. Ba4 Qxb2 15.
Nf3 Qa3 16. Bb3 Nf5 17. Bb6 Qe7 18. d4 Qf7 19. c4 dxc4 20. Bxc4 Bd7 21. g4 Rfc8
22. Bb3 Rc6 23. Bc5 Ne7 24. exf6 Bxf6 25. Ne5 Bxe5 26. fxe5 Qe8 27. Qh4 Nd5 28.
Rf8+ Qxf8 29. Bxf8 Rxf8 30. Bxd5 exd5 31. Rf1 Rfc8 32. h3 b5 33. Qe7 Be6 34. Rf6
g5 35. Rf2 h6 36. Kg2 R8c7 37. Rf8# 1-0